• 首页
  • 本馆介绍
  • 公告通知
  • 最新文献
  • 馆藏检索
  • 电子资源
  • 读者导购
  • 参考咨询
  • 我的图书馆
  • 登录
  • 详细信息显示
  • 放入我的书架
  • 预约/预借图书
  • 作者相关作品
  • 分类相关作品
  • 丛书相关作品
  • 出版社相关作品

书目信息

  • 表格格式
  • 工作单格式
  • 卡片格式
题名:
听力语言训练
    
 
作者: 吴立平 编著
分册:  
出版信息: 北京   新华出版社  2004
页数: 275页
开本: 20cm
丛书名:
单 册:
中图分类: G762.4
科图分类:
主题词: 教育--类型
电子资源:
ISBN: 7-5011-6829-6
000 00536nam0 2200193 450
001 1572559634
005 20150202201155.06
010    @a7-5011-6829-6@dCNY46.00
100    @a20150202d2004 km y0chiy0120 ea
101 0  @achi
102    @aCN@b110000
200 1  @a听力语言训练@Ating li yu yan xun lian@f吴立平编著@Fwu li ping bian zhu
210    @a北京@c新华出版社@d2004
215    @a275页@d20cm
606 0  @a教育@x类型
690    @aG762.4@v4
701  0 @a吴立平@Awu li ping@4编著
801  0 @aCN@bTSSF@c20150202
905    @aZUCC@dG762.4@eJY5
    
    听力语言训练/吴立平编著.-北京:新华出版社,2004
    275页;20cm
    
    
    ISBN 7-5011-6829-6:CNY46.00
    
●
相关链接 在E读中查询图书 在五车中查询图书 在当当中查询图书 在豆瓣中查询图书


正题名:听力语言训练     索取号:G762.4/JY5         预约/预借

序号 登录号 条形码 馆藏地/架位号 状态 备注
1 7865140   278651406   学院路分馆/ [索取号:G762.4/JY5] 在馆    
唐山师范学院图书馆 欢迎您!
大连网信软件有限公司© 版权所有